000
00325nam a22001457a 4500
008
181122b xxu||||| |||| 00| 0 eng d
020
_a
0316091707
041
_a
eng
080
_2
1 st
_a
610.73
082
_a
610.73
100
_a
1-2
101
_a
INF
245
_a
Handbook of critical care
_c
Berk.J.L
942
_2
udc
_c
BK
999
_c
52364
_d
52364